000 00284nam a22001337a 4500
008 170414b xxu||||| |||| 00| 0 eng d
020 _a9780130359513
041 _aeng
080 _a612.39
100 _a10
101 _aSHM
245 _aREALIDADES
_cBOYLES, P.P
942 _2udc
_cBK
999 _c10858
_d10858